5HLuxD.jpg

KING HENRY VIII SENIOR AND PRIMARY SCHOOL LIBRARY OPAC

PERCY JACKSON AND THE OLYMPIANS (Record no. 5240)

000 -LEADER
fixed length control field 00510nam a22001457a 4500
008 - FIXED-LENGTH DATA ELEMENTS--GENERAL INFORMATION
fixed length control field 250828b ||||| |||| 00| 0 eng d
020 ## - INTERNATIONAL STANDARD BOOK NUMBER
International Standard Book Number 9780241642832
082 ## - DEWEY DECIMAL CLASSIFICATION NUMBER
Classification number 813.6 RIO
100 ## - MAIN ENTRY--PERSONAL NAME
Personal name RIORDAN,RICK
Relator term AUTHOR
Language of a work ENGLISH
245 ## - TITLE STATEMENT
Title PERCY JACKSON AND THE OLYMPIANS
Remainder of title THE LIGHTNING THIEF
260 ## - PUBLICATION, DISTRIBUTION, ETC.
Place of publication, distribution, etc. GREAT BRITAIN
Name of publisher, distributor, etc. PUFFIN BOOKS
Date of publication, distribution, etc. 2013
300 ## - PHYSICAL DESCRIPTION
Extent 375 PAGES
500 ## - GENERAL NOTE
General note LOOK,I NEVER ASKED TO BE THE SON OF A GREEK GOD,I AS JUST A NORMAL KID...UNTIL I ACCIDENTALLY VAPORIZED MY MATHS TEACHER
942 ## - ADDED ENTRY ELEMENTS (KOHA)
Source of classification or shelving scheme

No items available.

Powered By KH8 IT Dept